| 000 | 01366nam a2200361 a 4500 | ||
|---|---|---|---|
| 001 | 000000320 | ||
| 003 | DO-SdBPM | ||
| 005 | 20250909123146.0 | ||
| 007 | ta | ||
| 008 | 081127s2000 dr a 001 0dspa d | ||
| 020 | _a9993410357 | ||
| 040 |
_aDO-SdBPM _bspa _cBPMSU _erda |
||
| 082 | 4 |
_a923.27293 _bB663C 2000 _222 |
|
| 100 | 1 |
_aCassá, Roberto, _d1948- _eautor |
|
| 245 | 1 | 0 |
_aTomás Bobadilla : _bel hombre de estado / _cRoberto Cassá ; ilustraciones Ramiro Manzano, José Manuel Rodríguez. |
| 260 | _f | ||
| 264 |
_aSanto Domingo : _bTobogán, _c2000 |
||
| 300 |
_a49 páginas : _bilustraciones ., retratos ; _c21 cm. |
||
| 336 |
_atexto _btxt _2rdacontent |
||
| 337 |
_asin mediación _bn _2rdamedia |
||
| 338 |
_avolumen _bnc _2rdacarrier |
||
| 490 | 0 | _aBiografías dominicanas Tobogán ; | |
| 504 | _aBibliografía página : 49 | ||
| 505 | 0 |
_tEl saber del poder -- _tLa guerra del burócrata criollo -- _tJefe conservador -- _tCarrera azarosa -- _tDe anexionista a nacionalista. |
|
| 590 | _aInventariado, 2025/ VM | ||
| 600 | 1 | 7 |
_aBobadilla Y Briones, Tomás, _d1785-1871 |
| 651 | 7 |
_aRepúblia Dominicana _xHistoria _y1844- |
|
| 651 | 7 |
_a Repúblia Dominicana _vBiografías |
|
| 700 | 1 |
_aManzano, Ramiro, _eilustración |
|
| 700 | 1 |
_aRodríguez, José Manuel, _eilustración |
|
| 910 | _aVMateo V. Control de calidad BPMSU | ||
| 942 |
_2ddc _cBK |
||
| 999 |
_c7729 _d7729 |
||